000 00429nam a22001337a 4500
999 _c522798
_d522798
008 230605b ||||| |||| 00| 0 eng d
100 _aAgarwal, Raveesh and Mahaur, Deepak
_941287
245 _aTime to seize opportunity through an understanding of e-waste management systems
260 _aProductivity
300 _a63(3), Oct-Dec, 2022: p.260-270
773 _aProductivity
906 _aWASTE MANAGEMENT
942 _cAR